| 000 | 01221nas a2200361 4500 | ||
|---|---|---|---|
| 001 | BR2013006860 | ||
| 003 | BR-BrBNA | ||
| 005 | 20231205122851.0 | ||
| 007 | ta | ||
| 008 | 230509b bl.|||p| |||| 00| 00por d | ||
| 040 |
_aBR-BrBNA _bpor _cBiblioteca Nacional de Agricultura |
||
| 041 | _a(Pt) | ||
| 072 | _aF03 | ||
| 100 | 1 | _aGolle, D. P. | |
| 100 | 1 | _aReiniger, L.R.S. | |
| 100 | 1 | _aCurti, A.R. | |
| 100 | 1 | _aHanauer, J.G. | |
| 100 | 1 | _aWaldow, D.A.G. | |
| 245 | 1 | _aSubstrato alternarivos e tratamento pre-germinativos na germinação in vitro de sementes de Pinus taeda L. | |
| 246 | 1 | _aAlternative substrates and pre-germinative treatments in the in vitro germination of Pinus taeda L. seeds | |
| 650 | _aPINUS TAEDA | ||
| 650 | _aPINHEIRO | ||
| 650 | _aSEMENTE | ||
| 650 | _aGERMINAÇÃO | ||
| 650 | _aCULTURA IN VITRO | ||
| 650 | _aTRATAMENTO DE SEMENTE | ||
| 650 | _aSUBSTRATO DE CULTURA | ||
| 650 | _aCONTAMINAÇÃO | ||
| 773 | 0 |
_tRevista Árvore (Brazil) _xISSN 0100-6762 _g(Jan-Feb 2010), v. 34(1) p. 39-48 _wBR2013006860 |
|
| 856 | 4 |
_uhttp://www.scielo.br/pdf/rarv/v34n1/v34n1a05.pdf _yRecurso eletrônico (PDF) |
|
| 909 |
_a202311 _bLúcia _c55 _dLúcia Elande |
||
| 942 |
_2AGRIS _n0 _cANA |
||
| 999 |
_c230995 _d230995 |
||